000 00481cam a22002051 4500
001 sa 68002817
003 DLC
005 20260227112446.0
008 891214s1967 ii 000 0 hino
010 _asa 68002817
035 _a(OCoLC)20783204
040 _aDLC
_cWaU
_dDLC
042 _apremarc
050 0 0 _aPK2098.M22
_bM4
100 1 _aMachwe, Prabhakar Balvant,
_d1917-
245 1 0 _aMepala.
260 _c[1967]
300 _a12, 64 p.
_c22 cm.
500 _aIn Hindi.
999 _c79006
_d79006